000 00989nam a2200205 a 4500
001 000039840
005 20201002033750.0
008 130725s2005 sp ag 000 0 spa d
020 _a8400083970
040 _aDO-SdBNP
_bspa
_cBNPHU
245 0 3 _aLa misa policoral en Cataluña en la segunda mitad del siglo XVII /
_cintroducción, estudio y transcripción, Francesc Bonastre.
260 _aBarcelona :
_bConsejo Superior de Ciencias Científicas
_bInstitución "Milà i Fontanals", Departamento de Musicología,
_c2005.
300 _a1 partitura (351 p.) ; :
_bil. ;
_c32 cm.
490 1 _aMonumentos de la música española ;
_v73
500 _aIncluye comentario de la obra e introducción histórica y musicológica en castellano, catalán e inglés
500 _aIncluye notas al pie de las páginas
700 1 _aBonastre, Francesc
_966027
710 2 _aInstitución "Milá y Fontanals".Departamento de Musicología
_966028
830 0 _aMonumentos de la música española
_v73
_965588
999 _c39330
_d39330